| 000 | 01484nam a22003857a 4500 | ||
|---|---|---|---|
| 003 | CHAP | ||
| 005 | 20220329143145.0 | ||
| 008 | 060906d2006 mx r 00110 spa d | ||
| 010 | _a92659 | ||
| 011 | _a93631 | ||
| 035 | _a104211 | ||
| 040 | _cCHAP | ||
| 090 | _aTesis | ||
| 100 | 1 |
_aVargas Martínez, Modesto. _9118050 |
|
| 245 | 1 | 0 |
_aPreparación de becerros para exportación en praderas asociadas de ballico anual (Lolium multiflorum)- trébol alejandrino (Trifolium alexandrinum) en el Valle del Guadiana, Dgo. _c/por Modesto Vargas Martínez |
| 260 |
_aChapingo, Méx. : _bEl autor, _c2006. |
||
| 300 |
_a64 h. : _bgráfs.; cuadros. |
||
| 502 | _aTesis (Ing. Agr. Esp. en Zootecnia) - - UACH. Departamento de Zootecnia | ||
| 590 |
_aALEPH _b10 _c20130110 _lUCH01 _h1513 |
||
| 590 |
_aBATCH-UPD _b10 _c20130110 _lUCH01 _h0811 |
||
| 590 |
_aBATCH-UPD _b10 _c20130410 _lUCH01 _h0448 |
||
| 590 |
_aBATCH-UPD _b10 _c20130914 _lUCH01 _h0554 |
||
| 590 |
_aBATCH-UPD _b10 _c20130914 _lUCH01 _h2123 |
||
| 590 |
_aCONVERSION _b10 _c20130109 _lUCH01 _h1351 |
||
| 650 | 1 | 4 |
_aBecerros _xAlimentación. _911172 |
| 650 | 1 | 4 |
_aBecerros _xExportación. _911182 |
| 650 | 1 | 4 |
_aBecerros _xPastoreo. _911186 |
| 650 | 1 | 4 |
_aLolium multiflorum. _967504 |
| 650 | 1 | 4 |
_aTrifolium alexandrinum. _9114944 |
| 901 | _aBK | ||
| 905 | _aElisama A. H. | ||
| 942 | _cFOLL | ||
| 949 |
_aTesis _bBC _cTES _d00000000104211 _eTS1 _h45466 _i104211 _sb |
||
| 949 |
_aTesis _bBC _cTES _d33724000989729 _eTS2 _fc.2 _h45467 _i104211 _sb |
||
| 999 |
_c92659 _d92659 |
||